00636 2200229 4500001002100000005001500021035002000036007000300056008004100059082000800100084001400108100002800122245006300150250002000213300001700233700002800250264004500278336002100323337003000344338002300374990000900397INLIS00000000000272620260402094228 a0010-0426000001ta260402 0  a899 a899 ARI m0 aArisa BetariePengarang1 amerapikan rasa yang belum selesai (buku 1) /cAnisah Hanun acetakan pertama a228 ;c21 cm0 aAnisah HanunePengarang aBandung :bLinimasa Esa Inspirasa,c2026 2rdacontentateks 2rdamediaatanpa perantara 2rdacarrieravolume a6090